000
00270nam a22001337a 4500
020
_a
978-93-80828-51-0
082
_a
158
_b
LEM/B
100
_a
LEMAN,KEVIN
245
_a
BORN TO WIN
260
_a
NEW DELHI
_b
VITASTA
300
_a
284
650
_z
NEW DELHI
942
_c
BK
999
_c
5614
_d
5614